Kadra Bayernu Monachium w Bundeslidze 2015/16 - Statystyki

Ogólne statystyki
  • Ten quiz został rozwiązany 60 razy
  • Średni wynik to 16 z 27
Statystyki odpowiedzi
Numer Narodowość Zawodnik % Poprawnych
1 Niemcy Manuel Neuer
100%
9 Polska Robert Lewandowski
100%
10 Holandia Arjen Robben
94%
7 Francja Franck Ribery
92%
27 Austria David Alaba
91%
23 Chile Arturo Vidal
85%
25 Niemcy Thoma Müller
83%
11 Brazylia Douglas Costa
81%
17 Niemcy Jerome Boateng
79%
6 Hiszpania Thiago Alcantara
79%
8 Hiszpania Javi Martinez
77%
32 Niemcy Joshua Kimmich
77%
29 Francja Kingsley Coman
77%
21 Niemcy Philipp Lahm
75%
5 Maroko Medhi Benatia
66%
13 Brazylia Rafinha
53%
14 Hiszpania Xabi Alonso
53%
26 Niemcy Sven Ulreich
51%
19 Niemcy Mario Götze
45%
18 Hiszpania Juan Bernat
34%
28 Niemcy Holger Badstuber
32%
22 Niemcy Tom Starke
26%
37 USA Julian Green
17%
20 Niemcy Sebastian Rode
17%
4 Niemcy Serdar Tasci
4%
33 Austria Ivan Lucic
2%
41 Serbia Milos Pantović
2%
Nie znaleziono quizów pasujących do podanych kryteriów
Rozkład punktacji
Procent ludzi z każdym wynikiem
Percentyl według liczby udzielonych odpowiedzi
Twoja historia wyników
Nie rozwiązałeś tego quizu